Biological assessment and criteria: Tools for water resource planning and decision making

Сохранить в:
Библиографические подробности
Главный автор: Edited by Wayne S. Davis
Формат:
Язык:Undetermined
Опубликовано: Boca Raton, FL Lewis Publishers 1995
Предметы:
Метки: Добавить метку
Нет меток, Требуется 1-ая метка записи!
Thư viện lưu trữ: Trung tâm Học liệu Trường Đại học Cần Thơ
LEADER 00688nam a2200193Ia 4500
001 CTU_65681
008 210402s9999 xx 000 0 und d
020 |b 97 
082 |a 363.7394 
082 |b B615 
100 |a Edited by Wayne S. Davis 
245 0 |a Biological assessment and criteria: Tools for water resource planning and decision making 
245 0 |c Edited by Wayne S. Davis and Thomas P. Simon 
260 |a Boca Raton, FL 
260 |b Lewis Publishers 
260 |c 1995 
650 |a water quality biological assessment,water quality management,environmental monitoring,indicators ( biology ) 
904 |i Minh 
980 |a Trung tâm Học liệu Trường Đại học Cần Thơ